000 01292nam a2200301 a 4500
001
003 DO-SdBNP
005 20220719101731.0
008 090707s1978 dr d 001 0 spa d
040 _aBPMSU
_bspa
_c BPMSU
082 _a382.097293
_bV422e 1978
_222
100 _aVega, Bernardo,
_d1938 -
245 1 0 _aEstudio de las implicaciones de la incorporación de la República Dominicana a la comunidad del Caribe /
_cBernardo Vega ; prólogo Frank Moya Pons.
260 _aSanto Domingo :
_bFondo Para el Avance de las Ciencias Sociales ;
_bAcademia de Ciencias de la República Dominicana, Comisión Económica,
_c1978.
_b
300 _axxxvii, 247p. :
_bils., diag. ;
_c21 cm.
490 0 _aFondo para el avance de las ciencias sociales
500 _aIncluye índice.
500 _aIncluye índice de cuadros.
500 _aIncluye datos biográficos del autor en la contracubierta.
504 _aBibliográficas (239-247 p.)
590 _6Inventariado, 2021/VM
650 4 _aRelaciones comerciales
_zRepública Dominicana.
650 4 _aComercio de productos agrícolas
_zCaribe (Región, República Dominicana)
651 4 _aCaribe (Región)
_xComercio exterior.
_2
700 1 _aMoya Pons, Frank,
_d1944-
_epról.
910 _aVMateo V:
942 _2ddc
_cMP
999 _c13604
_d13604